| Record ID | marc_records_scriblio_net/part28.dat:14743442:1763 |
| Source | Scriblio |
| Download Link | /show-records/marc_records_scriblio_net/part28.dat:14743442:1763?format=raw |
LEADER: 01763cam 2200349 a 4500
001 99045511
003 DLC
005 20030123074233.0
008 990816s2000 enk b 001 0 eng
010 $a 99045511
020 $a0521642337
040 $aDLC$cDLC$dDLC
043 $anw-----
050 00 $aHD9114.W42$bS26 2000
082 00 $a306/.09729$221
100 1 $aSandiford, Keith Albert,$d1947-
245 14 $aThe cultural politics of sugar :$bCaribbean slavery and narratives of colonialism /$cKeith A. Sandiford.
260 $aCambridge, UK ;$aNew York :$bCambridge University Press,$c2000.
300 $av, 221 p. ;$c24 cm.
504 $aIncludes bibliographical references (p. 208-216) and index.
650 0 $aSugar trade$xPolitical aspects$zWest Indies$xHistoriography.
650 0 $aSlavery$zWest Indies$xHistoriography.
651 0 $aWest Indies$xColonial influence$xHistoriography.
600 10 $aLigon, Richard.$tTrue & exact history of the island of Barbadoes.
600 10 $aRochefort, Charles de,$d1605-1683.$tHistoire naturelle et morale des iles Antilles de l'Amerique.
600 10 $aGrainger, James,$d1721?-1766. Essay on the more common West-India diseases and the remedies which that country itself produces.
600 10 $aSchaw, Janet, ca. 1731-ca. 1801.$tJournal of a lady of quality.
600 10 $aBeckford, William,$dd. 1799.$tDescriptive account of the island of Jamaica.
600 10 $aLewis, M. G.$q(Matthew Gregory),$d1775-1818.$tJournal of a West India proprietor.
856 41 $3Sample text$uhttp://www.loc.gov/catdir/samples/cam032/99045511.html
856 41 $3Table of contents$uhttp://www.loc.gov/catdir/toc/cam023/99045511.html
856 42 $3Publisher description$uhttp://www.loc.gov/catdir/description/cam0210/99045511.html